I for India : (Record no. 53805)

MARC details
000 -LEADER
fixed length control field 00783nam a22002537a 4500
005 - DATE AND TIME OF LATEST TRANSACTION
control field 20110712152641.0
008 - FIXED-LENGTH DATA ELEMENTS--GENERAL INFORMATION
fixed length control field 110712t xxu||||| |||| 00| 0 eng d
010 ## - LCCN (DPL NO)
LC control number ENG-103002
020 ## - INTERNATIONAL STANDARD BOOK NUMBER
International Standard Book Number 9788180460685
Terms of availability 150.00
035 ## - SYSTEM CONTROL NUMBER
System control number EN-86535
037 ## - SOURCE OF ACQUISITION
Source of stock number/acquisition DBAD / PUB
040 ## - CATALOGING SOURCE
Original cataloging agency dpl
Language of cataloging English
082 ## - DEWEY DECIMAL CLASSIFICATION NUMBER
Classification number N
100 ## - MAIN ENTRY--PERSONAL NAME
9 (RLIN) 29416
Personal name Khanna, Karan
245 ## - TITLE STATEMENT
Title I for India :
Statement of responsibility, etc by Karan Khanna
Remainder of title a novel /
260 ## - PUBLICATION, DISTRIBUTION, ETC. (IMPRINT)
Place of publication, distribution, etc New Delhi
Name of publisher, distributor, etc Alchemy Publishers
Date of publication, distribution, etc 2011
270 ## - ADDRESS
Address 4767/23, Pratap Street, Daryaganj
City New Delhi
Postal code 110002
300 ## - PHYSICAL DESCRIPTION
Extent 361p.
Dimensions 20cm (pbk)
650 ## - SUBJECT ADDED ENTRY--TOPICAL TERM
9 (RLIN) 29417
651 ## - SUBJECT ADDED ENTRY--GEOGRAPHIC NAME
9 (RLIN) 29488
700 ## - ADDED ENTRY--PERSONAL NAME
9 (RLIN) 29429
942 ## - ADDED ENTRY ELEMENTS (KOHA)
Source of classification or shelving scheme Dewey Decimal Classification
Item type English Books
Call number suffix KHA
Classification part N
Holdings
Withdrawn status Lost status Source of classification or shelving scheme Damaged status Not for loan Collection code Home library Current library Date acquired Source of acquisition Cost, normal purchase price Total Checkouts Full call number Barcode Date last seen Copy number Cost, replacement price Koha item type
    Dewey Decimal Classification   Not For Loan Fiction D.B.Act.Division D.B.Act.Division 12/07/2011 DBAD/PUB 150.00   N KHA EN-86535 12/07/2011 1 150.00 English Books

© Delhi Public Library
Hit Counter
free hit counter